| 000 -LEADER |
| fixed length control field |
01021cam a2200253 a 4500 |
| 005 - DATE AND TIME OF LATEST TRANSACTION |
| control field |
20131011042115.0 |
| 008 - FIXED-LENGTH DATA ELEMENTS--GENERAL INFORMATION |
| fixed length control field |
890803s1989 gw a 100 0 eng |
| 020 ## - INTERNATIONAL STANDARD BOOK NUMBER |
| International Standard Book Number |
0387511326 ( v. 1) |
| 020 ## - INTERNATIONAL STANDARD BOOK NUMBER |
| International Standard Book Number |
0387511350 (komplet) |
| 041 ## - LANGUAGE CODE |
| Language code of text/sound track or separate title |
eng |
| 080 ## - UNIVERSAL DECIMAL CLASSIFICATION NUMBER |
| Universal Decimal Classification number |
007:658.5 |
| 111 2# - |
| -- |
International Conference on CAD/CAM, CARS & FOF |
| -- |
(3rd ed.) |
| -- |
1988 : |
| -- |
Southfield, Mich.) |
| 245 10 - TITLE STATEMENT |
| Title |
CAD/CAM robotics and factories of the future : |
| Statement of responsibility, etc |
Birendra Prasad, editor. |
| 260 ## - |
| -- |
Berlin : |
| -- |
New York : |
| -- |
Springer-Verlag; |
| -- |
c1989. |
| 300 ## - |
| -- |
469 f. : |
| -- |
me il. ; |
| -- |
24 cm. |
| 490 ## - |
| -- |
Integration of Design Analysis and Manufacturing |
| -- |
Volume 1 |
| 500 ## - |
| -- |
Preface: f. XVI |
| 505 0# - |
| -- |
V. 1. Integration of design, analysis, and manufacturing |
| 650 #0 - |
| -- |
Sistemet kompjuterike |
| -- |
Kongreset |
| 650 #0 - |
| -- |
Robotet, Industria |
| -- |
Kongreset |
| 650 #0 - |
| -- |
Automatizimi |
| 700 1# - |
| -- |
Prasad, Birendra. |
| 942 ## - ADDED ENTRY ELEMENTS (KOHA) |
| Source of classification or shelving scheme |
|
| Item type |
Books |